00161nam a2200061Ia 4500008004100000100002000041245003800061170627s9999 xx 000 0 und d aPROAKIS- JOHN G 0aCOMMUNICATION SYSTEMS ENGINEERING